|
|
|
|
| LEADER |
00000nab a2200000 ar4500 |
| 001 |
vtls009171140 |
| 005 |
20260413150203.0 |
| 008 |
080107c2007 xo er|p|||||||000 b|slo |
| 015 |
|
|
|a SNBRB2008/01
|
| 040 |
|
|
|a SNKBUCL
|b slo
|c SNKBUCL
|e AACR2
|
| 041 |
0 |
|
|a slo
|
| 044 |
|
|
|a xo
|c SK
|
| 080 |
|
|
|a 730.071.1
|2 2001
|
| 080 |
|
|
|a 929 Schiffer, William
|2 2001
|
| 100 |
1 |
|
|a Horváth, Peter
|4 aut
|
| 245 |
1 |
0 |
|a Jeho a náš svet
|b maestro William Schiffer
|c Peter Horváth
|
| 300 |
|
|
|b Fotogr.
|
| 600 |
1 |
7 |
|a Schiffer, William,
|d 1920-2007
|2 SNKMA
|9 204116
|
| 655 |
|
7 |
|a profily
|2 snkbucl
|9 341977
|
| 773 |
0 |
|
|t Slovensko
|g Roč. XXIX, č. 4 (2007), s. 21-22
|x 0231-7303
|
| 852 |
|
|
|a SNK
|
| 958 |
|
|
|a BX
|
| 999 |
|
|
|c 1710621
|d 1712551
|